[Event "Chip 2004 Open Fide"]
[Site "?"]
[Date "????.??.??"]
[Round "8"]
[White "Socko, B."]
[Black "Sandipan, C."]
[Result "1-0"]
[WhiteElo "2554"]
[BlackElo "2555"]
[PlyCount "54"]
[SourceDate "2004.07.04"]

1. d4 Nf6 2. c4 g6 3. g3 Bg7 4. Bg2 O-O 5. Nc3 d6 6. Nf3 c6 7. O-O Qb6 8. b3 e5
9. e3 Re8 10. Bb2 e4 11. Nd2 d5 12. f3 Bf5 13. fxe4 dxe4 14. h3 h5 15. Rf4 Bh6
16. Ncxe4 Nbd7 17. Nd6 Rxe3 18. Rxf5 Rd3 19. Rf2 Qb4 20. c5 Be3 21. N6c4 Bxf2+
22. Kxf2 Nxc5 23. Qc2 Re8 24. a3 Qb5 25. Nd6 Qa5 26. N2c4 Nce4+ 27. Kg1 Nxd6
1-0

[Event "Chip 2004 Open Fide"]
[Site "?"]
[Date "????.??.??"]
[Round "8"]
[White "Mahesh Chandran, P."]
[Black "Houhou, O."]
[Result "1-0"]
[WhiteElo "2441"]
[BlackElo "2259"]
[PlyCount "71"]
[SourceDate "2004.07.04"]

1. e4 c5 2. Nf3 e6 3. d4 cxd4 4. Nxd4 a6 5. Bd3 Qc7 6. O-O Nc6 7. Be3 Nf6 8.
Nxc6 dxc6 9. a4 e5 10. a5 Be6 11. Nd2 c5 12. Qe2 Be7 13. Bc4 Bxc4 14. Nxc4 O-O
15. Bd2 Rfe8 16. Bc3 Bf8 17. Rfd1 Re6 18. Ra3 Rae8 19. Rb3 g6 20. g3 h5 21. f3
R8e7 22. Kg2 Bg7 23. Rb6 Nd7 24. Rxe6 Rxe6 25. Qd3 Re7 26. Ne3 Nf6 27. Qd8+
Qxd8 28. Rxd8+ Re8 29. Rd6 Re7 30. Nc4 Nd7 31. Rd5 Kf8 32. Nd6 Nb8 33. Rxc5 Rd7
34. Rc8+ Ke7 35. Ne8 Bh8 36. Rxb8 1-0

[Event "Chip 2004 Open Fide"]
[Site "?"]
[Date "????.??.??"]
[Round "8"]
[White "Derieux, C."]
[Black "Callet, E."]
[Result "0-1"]
[WhiteElo "2168"]
[BlackElo "2204"]
[PlyCount "52"]
[SourceDate "2004.07.04"]

1. d4 Nf6 2. c4 e6 3. Nc3 Bb4 4. a3 Bxc3+ 5. bxc3 d6 6. e3 Nbd7 7. Bd3 Qe7 8.
e4 e5 9. Ne2 O-O 10. O-O h6 11. Ng3 Re8 12. f4 Nf8 13. fxe5 dxe5 14. Nf5 Bxf5
15. Rxf5 exd4 16. e5 N6h7 17. cxd4 Rad8 18. Qg4 Ng6 19. Rxf7 Qxf7 20. Bxg6 Qxc4
21. Bxe8 Qc3 22. Qe6+ Kh8 23. Bb2 Qxb2 24. Rf1 Qxd4+ 25. Kh1 Qd3 26. Qf7 Ng5
0-1

[Event "Chip 2004 Open Fide"]
[Site "?"]
[Date "????.??.??"]
[Round "8"]
[White "Bitalzadeh, A."]
[Black "Pert, N."]
[Result "0-1"]
[WhiteElo "2291"]
[BlackElo "2493"]
[PlyCount "72"]
[SourceDate "2004.07.04"]

1. e4 e6 2. d4 d5 3. Nd2 Nf6 4. e5 Nfd7 5. Bd3 c5 6. c3 Nc6 7. Ne2 cxd4 8. cxd4
f6 9. exf6 Nxf6 10. Nf3 Bd6 11. O-O Qb6 12. Nc3 O-O 13. a3 Bd7 14. Be3 Be8 15.
Ng5 Ne7 16. Qc2 h6 17. Nh7 Nxh7 18. Bxh7+ Kh8 19. Bd3 Rf6 20. b4 Rc8 21. Qb3
Bxh2+ 22. Kh1 Bb8 23. Ne2 Bg6 24. Rac1 Rcf8 25. Bxg6 Rxg6 26. Qc2 Nf5 27. Kg1
Qd8 28. Bf4 Rxg2+ 29. Kxg2 Bxf4 30. Nxf4 Qg5+ 31. Kh1 Qh4+ 32. Kg1 Qxf4 33. Qd3
Nxd4 34. Kg2 Nf3 35. Rh1 Qg5+ 36. Kh3 h5 0-1

[Event "Chip 2004 Open Fide"]
[Site "?"]
[Date "????.??.??"]
[Round "8"]
[White "Solozhenkin, E."]
[Black "David, A."]
[Result "0-1"]
[WhiteElo "2480"]
[BlackElo "2574"]
[PlyCount "54"]
[SourceDate "2004.07.04"]

1. d4 Nf6 2. c4 e6 3. Nf3 b6 4. Nc3 Bb4 5. e3 Bb7 6. Bd3 O-O 7. O-O Bxc3 8.
bxc3 Be4 9. Ba3 d6 10. Bxe4 Nxe4 11. Qc2 f5 12. c5 bxc5 13. dxc5 dxc5 14. Rfd1
Qf6 15. c4 Nc6 16. Bb2 Qe7 17. Qa4 Rab8 18. Bxg7 Qxg7 19. Qxc6 Rb6 20. Qd7 Qxd7
21. Rxd7 Rf7 22. Rd3 Rd6 23. Ra3 Rfd7 24. Rf1 Rd1 25. Rxa7 Rxf1+ 26. Kxf1 Rd1+
27. Ke2 Nc3# 0-1

[Event "Chip 2004 Open Fide"]
[Site "?"]
[Date "????.??.??"]
[Round "8"]
[White "Khairallah"]
[Black "Hajek, J."]
[Result "1/2-1/2"]
[WhiteElo "2283"]
[BlackElo "2205"]
[PlyCount "47"]
[SourceDate "2004.07.04"]

1. e4 e6 2. d4 d5 3. Nd2 Nf6 4. e5 Nfd7 5. c3 c5 6. f4 Nc6 7. Ndf3 Qb6 8. a3
cxd4 9. cxd4 Be7 10. h4 f6 11. Bd3 fxe5 12. fxe5 Nf8 13. Ne2 Bd7 14. b4 a6 15.
Bg5 h6 16. Bxe7 Nxe7 17. Nc3 Rc8 18. Na4 Bxa4 19. Qxa4+ Nd7 20. Rd1 Nc6 21. b5
axb5 22. Qxb5 Qxb5 23. Bxb5 O-O 24. Rc1 1/2-1/2

[Event "Chip 2004 Open Fide"]
[Site "?"]
[Date "????.??.??"]
[Round "8"]
[White "Sanchez, J."]
[Black "Spoelman, W."]
[Result "1/2-1/2"]
[WhiteElo "2453"]
[BlackElo "2277"]
[PlyCount "41"]
[SourceDate "2004.07.04"]

1. e4 c5 2. Nf3 e6 3. d4 cxd4 4. Nxd4 Nc6 5. Nc3 Qc7 6. Be3 a6 7. Qd2 Nf6 8. f3
b5 9. O-O-O Bb7 10. Kb1 Rc8 11. Nb3 Ne5 12. Qf2 b4 13. Bb6 Qb8 14. Ne2 Nc4 15.
Ba7 Qc7 16. Nec1 d5 17. Bxc4 dxc4 18. Bb6 Qb8 19. Ba7 Qc7 20. Bb6 Qb8 21. Ba7
1/2-1/2

[Event "Chip 2004 Open Fide"]
[Site "?"]
[Date "????.??.??"]
[Round "8"]
[White "Kengis, E."]
[Black "Vuckovic, B."]
[Result "1/2-1/2"]
[WhiteElo "2562"]
[BlackElo "2533"]
[PlyCount "28"]
[SourceDate "2004.07.04"]

1. d4 Nf6 2. Nf3 c5 3. d5 g6 4. Nc3 Bg7 5. e4 d6 6. Be2 O-O 7. O-O e6 8. dxe6
Bxe6 9. Bf4 d5 10. exd5 Nxd5 11. Nxd5 Bxd5 12. Qd2 Nc6 13. Bg5 f6 14. Be3 b6
1/2-1/2

[Event "Chip 2004 Open Fide"]
[Site "?"]
[Date "????.??.??"]
[Round "9"]
[White "Chomet, P."]
[Black "Templier, N."]
[Result "1-0"]
[WhiteElo "2370"]
[BlackElo "2274"]
[PlyCount "111"]
[SourceDate "2004.07.04"]

1. g3 Nf6 2. Bg2 d5 3. d3 c5 4. Nd2 Nc6 5. e4 e6 6. Ngf3 Be7 7. O-O O-O 8. Re1
Qc7 9. Qe2 Rb8 10. e5 Nd7 11. h4 b5 12. Nf1 Nd4 13. Nxd4 cxd4 14. Bf4 Bb7 15.
Qg4 Qxc2 16. Bh6 g6 17. Bxf8 Bxf8 18. Qe2 Rc8 19. Qxc2 Rxc2 20. Rec1 Rxb2 21.
Rc7 Nc5 22. Nh2 h5 23. Nf3 a5 24. Ng5 b4 25. Nxf7 Ba6 26. Nd6 Rc2 27. Ne8 Be7
28. Bf1 Kf8 29. Nd6 Rc3 30. Ra7 Bxd6 31. exd6 Ke8 32. Re1 a4 33. Re5 Bb7 34.
Bh3 Kd7 35. Rxe6 Nxe6 36. Rxb7+ Kxd6 37. Rxb4 Nc5 38. Rb6+ Ke7 39. Rxg6 Rc2 40.
Rc6 Rc1+ 41. Kg2 Nxd3 42. Re6+ Kf7 43. Ra6 Nc5 44. Ra7+ Kf6 45. g4 hxg4 46.
Bxg4 d3 47. h5 Rc4 48. Bf3 d2 49. h6 Ke5 50. Re7+ Kd6 51. Rg7 Nd3 52. Kg3 Rf4
53. Bd1 Rf6 54. h7 Rh6 55. Kf3 Nb2 56. Rg6+ 1-0

[Event "Chip 2004 Open Fide"]
[Site "?"]
[Date "????.??.??"]
[Round "9"]
[White "Sandipan, C."]
[Black "Ionescu, D."]
[Result "1/2-1/2"]
[WhiteElo "2555"]
[BlackElo "2395"]
[PlyCount "150"]
[SourceDate "2004.07.04"]

1. e4 c5 2. Nf3 d6 3. Bb5+ Bd7 4. Bxd7+ Qxd7 5. c4 Nc6 6. Nc3 g6 7. d4 cxd4 8.
Nxd4 Bg7 9. Nde2 Nf6 10. f3 O-O 11. O-O a6 12. a4 e6 13. Bg5 h6 14. Bh4 Qc7 15.
Kh1 Nd7 16. b3 Nc5 17. Rb1 Nb4 18. Qd2 Ncd3 19. Na2 Nxa2 20. Qxd3 Nb4 21. Qd2
Nc6 22. Rfd1 Qb6 23. Bg3 e5 24. Nc3 Qb4 25. Bf2 Rad8 26. Qd3 Qa5 27. b4 Qc7 28.
b5 Nd4 29. Bxd4 exd4 30. Ne2 Rc8 31. Rbc1 Qa5 32. Qb3 Qb6 33. Qd3 Qa5 34. Qc2
Qb6 35. Qd2 axb5 36. axb5 Rc5 37. Nxd4 Rfc8 38. Qe2 Bxd4 39. Rxd4 Rxb5 40. Rcd1
Rb2 41. Qe1 Qb4 42. Qg3 Rb1 43. h4 Rxd1+ 44. Rxd1 Rxc4 45. Qxd6 Qxd6 46. Rxd6
Rc6 47. Rd7 Rc1+ 48. Kh2 Rb1 49. h5 gxh5 50. Rd5 b5 51. Rxh5 Kg7 52. Kg3 b4 53.
Rb5 b3 54. Kf4 Rg1 55. g4 Rb1 56. Kf5 Rb2 57. f4 Rb1 58. Rb7 b2 59. e5 Kg8 60.
Rb3 Kg7 61. Rb5 Kg8 62. Rb7 Kg7 63. Rb3 Kg8 64. Kf6 Rf1 65. Rb8+ Kh7 66. Kxf7
Rxf4+ 67. Ke7 Rf2 68. e6 Kg6 69. Rb5 Rd2 70. Ke8 Kg7 71. e7 Kg8 72. Rb4 Kg7 73.
Rb6 Kg8 74. Rb3 Kg7 75. Rb5 Kg8 1/2-1/2

[Event "Chip 2004 Open Fide"]
[Site "?"]
[Date "????.??.??"]
[Round "9"]
[White "Golubev, M."]
[Black "Salaun, Y."]
[Result "1-0"]
[WhiteElo "2531"]
[BlackElo "2336"]
[PlyCount "83"]
[SourceDate "2004.07.04"]

1. e4 Nf6 2. e5 Nd5 3. d4 d6 4. Nf3 g6 5. Bc4 c6 6. O-O Bg7 7. exd6 Qxd6 8. h3
O-O 9. Re1 b5 10. Bb3 Nd7 11. Bxd5 cxd5 12. Qe2 Re8 13. Qxb5 Ba6 14. Qa4 e5 15.
dxe5 Nxe5 16. Nxe5 Rxe5 17. Rxe5 Bxe5 18. Nc3 d4 19. Ne4 Qb6 20. Bh6 Qxb2 21.
Re1 Qb5 22. Qa3 Bb7 23. f4 Bg7 24. Bxg7 Kxg7 25. Qd6 Qd5 26. Qf6+ Kg8 27. Qe7
Kg7 28. Re2 Bc6 29. Qf6+ Kg8 30. Qh4 Qd8 31. Nf6+ Kg7 32. Qxh7+ Kxf6 33. g4 Qd5
34. g5+ Kf5 35. Re5+ Kxf4 36. Rxd5 Bxd5 37. Qh4+ Ke5 38. Qg3+ Ke4 39. Kf2 a5
40. Qf3+ Ke5 41. Qf6+ Ke4 42. Kg3 1-0

[Event "Chip 2004 Open Fide"]
[Site "?"]
[Date "????.??.??"]
[Round "9"]
[White "Houhou, O."]
[Black "Khairallah"]
[Result "1/2-1/2"]
[WhiteElo "2259"]
[BlackElo "2284"]
[PlyCount "141"]
[SourceDate "2004.07.04"]

1. e4 d6 2. d4 Nf6 3. Nc3 e5 4. Nf3 Nbd7 5. Bc4 Be7 6. O-O O-O 7. Re1 c6 8. a4
Qc7 9. Ba2 h6 10. dxe5 dxe5 11. Nh4 Rd8 12. Nf5 Nc5 13. Qf3 Bxf5 14. Qxf5 Kf8
15. Be3 b6 16. Rad1 Rxd1 17. Rxd1 Rd8 18. Rxd8+ Qxd8 19. h3 Ncd7 20. Bc4 Bc5
21. Bxc5+ bxc5 22. Be2 Qb8 23. b3 Qb4 24. Qf3 Qd4 25. Qd3 Ke7 26. Kf1 Nf8 27.
f3 Ne6 28. Nd1 Nh5 29. Qxd4 cxd4 30. Bc4 Nef4 31. Kf2 g5 32. Nb2 Ng7 33. Bd3 h5
34. Nc4 f6 35. b4 Ne8 36. Na5 Kd6 37. Nb7+ Kc7 38. Nc5 h4 39. Bf1 Nd6 40. Bd3
Nb7 41. Nb3 c5 42. b5 Kb6 43. Bf1 Na5 44. Nd2 Ne6 45. Bc4 Nd8 46. Bd5 Ndb7 47.
g3 hxg3+ 48. Kxg3 Nd6 49. Kf2 c4 50. Ke2 Kc5 51. f4 exf4 52. Nf3 Nc8 53. Kd2
Nb6 54. Be6 Nxa4 55. e5 fxe5 56. Nxg5 Kd6 57. h4 c3+ 58. Ke2 Nc5 59. Bg8 Ke7
60. h5 Kf8 61. Bd5 Kg7 62. h6+ Kxh6 63. Nf7+ Kh5 64. Nxe5 Kh4 65. Nf3+ Kg3 66.
Nxd4 Nd7 67. Kd3 Nb7 68. Kxc3 Nd6 69. Ne2+ Kf2 70. Nxf4 Nxb5+ 71. Kb4 1/2-1/2

[Event "Chip 2004 Open Fide"]
[Site "?"]
[Date "????.??.??"]
[Round "9"]
[White "Vuckovic, B."]
[Black "Shchekachev, A."]
[Result "1/2-1/2"]
[WhiteElo "2533"]
[BlackElo "2570"]
[PlyCount "140"]
[SourceDate "2004.07.04"]

1. e4 e5 2. Nf3 Nc6 3. d4 exd4 4. Nxd4 Bc5 5. Nxc6 Qf6 6. Qd2 dxc6 7. Nc3 Qe7
8. Qg5 f6 9. Qg3 Be6 10. Be3 Bd6 11. Bf4 Bxf4 12. Qxf4 O-O-O 13. Bd3 Nh6 14.
O-O-O Qc5 15. h3 Nf7 16. Rhe1 Ne5 17. Qe3 Qa5 18. a3 g5 19. Be2 Qb6 20. Bf1 Rd6
21. g3 g4 22. hxg4 Qxe3+ 23. Rxe3 Nxg4 24. Rf3 Kd7 25. Rf4 Ke7 26. Be2 Rxd1+
27. Nxd1 Ne5 28. Rh4 Nf7 29. Bh5 Ng5 30. Be2 Nf7 31. Ne3 Ng5 32. Kd1 b5 33. Bd3
Nf3 34. Rh5 h6 35. Ke2 Nd4+ 36. Kf1 Nf3 37. Rh1 a6 38. Kg2 Ne5 39. Be2 Nf7 40.
Bh5 Nd6 41. Bg6 Kf8 42. Rd1 Kg7 43. Bf5 Bf7 44. Kf3 Rb8 45. Bd7 Bg6 46. Bxc6
Rb6 47. Ba8 Rb8 48. Bd5 Re8 49. Bc6 Re6 50. Rd4 Nf7 51. Bd5 Rd6 52. c3 Ng5+ 53.
Ke2 c6 54. f4 cxd5 55. fxg5 Bxe4 56. gxh6+ Kxh6 57. Kf2 Kg5 58. Nf1 f5 59. a4
bxa4 60. Rxa4 Rb6 61. Rb4 Rxb4 62. cxb4 d4 63. Nd2 Bd5 64. Nf1 f4 65. Nd2 Kg4
66. gxf4 Kxf4 67. Ke2 Bc6 68. Kd3 Ke5 69. Nc4+ Kd5 70. Nb6+ Ke5 1/2-1/2

[Event "Chip 2004 Open Fide"]
[Site "?"]
[Date "????.??.??"]
[Round "9"]
[White "Bergez, L."]
[Black "Calistri, T."]
[Result "1-0"]
[WhiteElo "2376"]
[BlackElo "2332"]
[PlyCount "63"]
[SourceDate "2004.07.04"]

1. d4 Nf6 2. c4 g6 3. Nc3 Bg7 4. e4 d6 5. Bd3 O-O 6. Nge2 Nc6 7. d5 Ne5 8. O-O
c6 9. f4 Nxd3 10. Qxd3 a5 11. Be3 a4 12. b4 axb3 13. axb3 Rxa1 14. Rxa1 c5 15.
h3 Nd7 16. Ra2 Nb8 17. Nd1 Na6 18. Bd2 e5 19. dxe6 fxe6 20. Ba5 b6 21. Be1 Qe7
22. Ne3 Bb7 23. Rd2 Rd8 24. Rd1 Nc7 25. Bc3 Na6 26. Ng4 d5 27. Bxg7 Qxg7 28.
cxd5 exd5 29. Qb5 h5 30. Qxb6 Rf8 31. Ne5 dxe4 32. Rd7 1-0

[Event "Chip 2004 Open Fide"]
[Site "?"]
[Date "????.??.??"]
[Round "9"]
[White "Spoelman, W."]
[Black "Mahesh Chandran"]
[Result "1/2-1/2"]
[WhiteElo "2277"]
[BlackElo "2441"]
[PlyCount "57"]
[SourceDate "2004.07.04"]

1. e4 e5 2. Nf3 Nc6 3. Bb5 a6 4. Ba4 Nf6 5. O-O Be7 6. Re1 b5 7. Bb3 d6 8. c3
O-O 9. h3 Na5 10. Bc2 c5 11. d4 Qc7 12. Nbd2 cxd4 13. cxd4 Bb7 14. d5 Rac8 15.
Bd3 Nd7 16. Nf1 f5 17. Ng3 f4 18. Nf5 Bd8 19. b3 Rxf5 20. exf5 Bxd5 21. Ba3 Nf6
22. Rc1 Nc6 23. Ng5 Qd7 24. Be4 Bxe4 25. Nxe4 d5 26. Nxf6+ Bxf6 27. Rc5 d4 28.
Qf3 d3 29. Rd1 1/2-1/2

[Event "Chip 2004 Open Fide"]
[Site "?"]
[Date "????.??.??"]
[Round "9"]
[White "David, A."]
[Black "Kengis, E."]
[Result "1-0"]
[WhiteElo "2574"]
[BlackElo "2562"]
[PlyCount "71"]
[SourceDate "2004.07.04"]

1. d4 Nf6 2. c4 d6 3. Nc3 Bf5 4. f3 e5 5. d5 Be7 6. e4 Bg6 7. Be3 O-O 8. Bd3
Nbd7 9. Nge2 c6 10. O-O Qb8 11. b4 cxd5 12. cxd5 Rc8 13. Qb3 Bd8 14. Kh1 Bb6
15. Bd2 a6 16. Na4 Ba7 17. Nb2 Ne8 18. Nc4 f5 19. exf5 Bf7 20. Be4 Nef6 21.
Rac1 Re8 22. Qd3 Nb6 23. Ne3 Na4 24. g4 b5 25. g5 Nxe4 26. Qxe4 Bxe3 27. Bxe3
g6 28. Ng3 Nb2 29. Qh4 gxf5 30. Nxf5 Bg6 31. Nh6+ Kg7 32. f4 Nc4 33. f5 Nxe3
34. fxg6 Nxf1 35. Rxf1 Ra7 36. Nf7 1-0

[Event "Chip 2004 Open Fide"]
[Site "?"]
[Date "????.??.??"]
[Round "9"]
[White "De Pierrefeu, T."]
[Black "Ferry, R."]
[Result "1-0"]
[WhiteElo "2198"]
[BlackElo "2185"]
[PlyCount "71"]
[SourceDate "2004.07.04"]

1. e4 e6 2. d4 d5 3. Nc3 dxe4 4. Nxe4 Nd7 5. Bd3 Ngf6 6. Ng5 Be7 7. N1f3 O-O 8.
Bd2 b6 9. Qe2 Bb7 10. Rd1 c5 11. Bc3 cxd4 12. Bxd4 Qc7 13. O-O h6 14. Nxe6 Bxf3
15. Nxc7 Bxe2 16. Bxe2 Rac8 17. Nb5 Rxc2 18. Bd3 Rcc8 19. Bf5 Rc4 20. b3 Rc6
21. Nxa7 Rd6 22. Bxf6 Nxf6 23. Nc8 Rxc8 24. Bxc8 Rc6 25. Bf5 g6 26. Bb1 Bc5 27.
h3 Nh5 28. Kh2 Rf6 29. f4 Bd6 30. g3 g5 31. fxg5 Bxg3+ 32. Kg2 Re6 33. Rd8+ Kg7
34. gxh6+ Rxh6 35. Rd7 Nf6 36. Rxf6 1-0

[Event "Chip 2004 Open Fide"]
[Site "?"]
[Date "????.??.??"]
[Round "9"]
[White "Lamorelle, J."]
[Black "Pile, R."]
[Result "1/2-1/2"]
[WhiteElo "2202"]
[BlackElo "2268"]
[PlyCount "64"]
[SourceDate "2004.07.04"]

1. e4 c5 2. Nf3 e6 3. d4 cxd4 4. Nxd4 Nc6 5. Nc3 Qc7 6. Be3 a6 7. Nxc6 bxc6 8.
Bd3 Nf6 9. O-O Be7 10. a4 a5 11. f4 d5 12. exd5 Nxd5 13. Bd4 Bf6 14. Bxf6 Nxf6
15. Kh1 Rb8 16. b3 O-O 17. Ne4 Nxe4 18. Bxe4 Rb4 19. Qf3 c5 20. Bd3 Bb7 21. Qh5
g6 22. Qh6 Rd4 23. Rae1 Rd5 24. f5 exf5 25. Re3 Re5 26. Rh3 f6 27. Bxf5 Qg7 28.
Qd2 Rfe8 29. Bg4 Qe7 30. Rd3 Re1 31. Kg1 Rxf1+ 32. Kxf1 Bc6 1/2-1/2

[Event "Chip 2004 Open Fide"]
[Site "?"]
[Date "????.??.??"]
[Round "9"]
[White "Agababean, N."]
[Black "Bardy"]
[Result "1-0"]
[WhiteElo "2189"]
[BlackElo "1977"]
[PlyCount "75"]
[SourceDate "2004.07.04"]

1. d4 Nf6 2. Nf3 g6 3. g3 Bg7 4. Bg2 O-O 5. c4 d5 6. cxd5 Nxd5 7. O-O Nc6 8. e4
Nb6 9. d5 Na5 10. Nc3 c6 11. Bg5 h6 12. Bf4 cxd5 13. exd5 Nac4 14. Qe2 Nxb2 15.
Be5 N2c4 16. Bxg7 Kxg7 17. Rfd1 Bg4 18. Rd4 Bxf3 19. Bxf3 Nd6 20. Rad1 Rc8 21.
Ne4 Nbc4 22. h4 b5 23. g4 a5 24. Ng3 a4 25. g5 hxg5 26. h5 b4 27. hxg6 fxg6 28.
Bg4 Rc7 29. Be6 b3 30. axb3 axb3 31. Kg2 b2 32. Qg4 Ne3+ 33. fxe3 Rc2+ 34. Kg1
Rff2 35. Rb4 Qf8 36. Nf1 Ne4 37. Qxe4 Rh2 38. Qe5+ 1-0

[Event "Chip 2004 Open Fide"]
[Site "?"]
[Date "????.??.??"]
[Round "9"]
[White "Kirszenberg, M."]
[Black "Derieux, C."]
[Result "1-0"]
[WhiteElo "2222"]
[BlackElo "2186"]
[PlyCount "75"]
[SourceDate "2004.07.04"]

1. d4 Nf6 2. c4 c5 3. d5 e6 4. Nc3 exd5 5. cxd5 d6 6. e4 g6 7. f4 Bg7 8. Bb5+
Nfd7 9. a4 Qh4+ 10. g3 Qe7 11. Nf3 O-O 12. O-O a6 13. Bd3 Nf6 14. e5 Ne8 15.
Re1 Bg4 16. Kg2 Nd7 17. e6 fxe6 18. dxe6 Ne5 19. Nd5 Qxe6 20. Bc4 Kh8 21. Nb6
Qxc4 22. Nxe5 dxe5 23. Nxc4 Bxd1 24. Rxd1 Nc7 25. Nxe5 Bxe5 26. fxe5 Ne6 27.
Rd6 Rae8 28. Bd2 Kg8 29. Re1 Rf7 30. Bc3 Kf8 31. b3 Ke7 32. Red1 Ng5 33. Re1
Ne6 34. b4 cxb4 35. Bxb4 Nc7 36. Rb6+ Kd7 37. Bd6 Rc8 38. Rxb7 1-0

[Event "Chip 2004 Open Fide"]
[Site "?"]
[Date "????.??.??"]
[Round "9"]
[White "Maisuradze, N."]
[Black "Lamorelle, Y."]
[Result "1-0"]
[WhiteElo "2277"]
[BlackElo "2255"]
[PlyCount "61"]
[SourceDate "2004.07.04"]

1. d4 Nf6 2. c4 g6 3. Nc3 Bg7 4. e4 O-O 5. f4 d6 6. Nf3 c5 7. d5 e6 8. Be2 exd5
9. cxd5 Re8 10. e5 dxe5 11. fxe5 Ng4 12. Bg5 Qb6 13. O-O Nxe5 14. d6 Qxb2 15.
Nd5 Nxf3+ 16. Bxf3 Nc6 17. Rb1 Qd4+ 18. Kh1 Bf5 19. Rxb7 h6 20. Nc7 hxg5 21.
Bxc6 Qh4 22. Nxe8 Be5 23. g3 Bxg3 24. Qe2 Bd3 25. Qg2 Bf4 26. Nf6+ Kg7 27. Qb2
Kh6 28. Rxf7 Rh8 29. Ng4+ Kh5 30. Qxh8+ Kxg4 31. Bf3+ 1-0

[Event "Chip 2004 Open Fide"]
[Site "?"]
[Date "????.??.??"]
[Round "9"]
[White "Payen, A."]
[Black "Simon, O."]
[Result "1-0"]
[WhiteElo "2400"]
[BlackElo "2303"]
[PlyCount "101"]
[SourceDate "2004.07.04"]

1. d4 Nf6 2. c4 g6 3. g3 Bg7 4. Bg2 O-O 5. Nc3 d6 6. Nf3 Nc6 7. O-O a6 8. Qd3
e5 9. dxe5 dxe5 10. Qxd8 Rxd8 11. Bg5 Be6 12. Nd2 h6 13. Bxf6 Rxd2 14. Bxg7
Kxg7 15. b3 Rad8 16. Bxc6 bxc6 17. Rfd1 Kf8 18. Rxd2 Rxd2 19. Rc1 Ke7 20. Kf1
f5 21. Ke1 Rd8 22. Na4 a5 23. Nc5 Rb8 24. Rd1 Ra8 25. Na4 Rb8 26. f4 exf4 27.
gxf4 g5 28. e3 g4 29. Kf2 h5 30. Kg3 h4+ 31. Kxh4 Rh8+ 32. Kg3 Rh3+ 33. Kg2
Rxe3 34. Rd2 Re4 35. Nc5 Re3 36. Rd3 Rxd3 37. Nxd3 c5 38. Nxc5 Bc8 39. Kf2 Kd6
40. Nd3 Bb7 41. Ke3 c5 42. Nb2 Be4 43. Na4 Bc6 44. Nc3 Ke6 45. Kf2 Kf6 46. Kg3
Kg6 47. Kh4 Kh6 48. Nd5 Bb7 49. Nb6 Be4 50. Nd7 Bb1 51. a3 1-0

[Event "Chip 2004 Open Fide"]
[Site "?"]
[Date "????.??.??"]
[Round "9"]
[White "Dudognon, M."]
[Black "Martsynovskaya, M."]
[Result "1-0"]
[WhiteElo "2235"]
[BlackElo "2235"]
[PlyCount "71"]
[SourceDate "2004.07.04"]

1. d4 d5 2. c4 e6 3. Nf3 f5 4. Nc3 c6 5. cxd5 cxd5 6. Bf4 Nc6 7. e3 Bd6 8. Bb5
Bxf4 9. exf4 Nf6 10. O-O O-O 11. Bxc6 bxc6 12. Na4 Re8 13. Ne5 Ba6 14. Re1 Rc8
15. Rc1 Bb5 16. Nc5 Ne4 17. a4 Nxc5 18. Rxc5 Ba6 19. Qd2 Bb7 20. Rec1 Qd6 21.
g3 Re7 22. Qa5 Ba8 23. Qc3 h6 24. h4 Kh7 25. Kg2 Rb8 26. b4 Rb6 27. a5 Rb5 28.
Rxb5 cxb5 29. h5 Qd8 30. Ng6 Re8 31. Qc5 a6 32. Qa7 Qf6 33. Rc7 Rg8 34. Rf7 Qd8
35. Ne7 Rf8 36. Rxg7+ 1-0

[Event "Chip 2004 Open Fide"]
[Site "?"]
[Date "????.??.??"]
[Round "9"]
[White "Peyrat, O."]
[Black "Borzakian, M."]
[Result "1/2-1/2"]
[WhiteElo "2272"]
[BlackElo "2200"]
[PlyCount "45"]
[SourceDate "2004.07.04"]

1. c4 g6 2. g3 Bg7 3. Bg2 d6 4. Nc3 e5 5. e4 f5 6. d3 Nf6 7. Nge2 O-O 8. exf5
gxf5 9. O-O Nc6 10. d4 Nxd4 11. Nxd4 exd4 12. Qxd4 c6 13. Qh4 Be6 14. Re1 Ne4
15. Qxd8 Raxd8 16. Nxe4 fxe4 17. Rxe4 Bf5 18. Re3 Bd4 19. Rf3 Be6 20. Be3 Rxf3
21. Bxf3 Bxe3 22. fxe3 Bxc4 23. b4 1/2-1/2

[Event "Chip 2004 Open Fide"]
[Site "?"]
[Date "????.??.??"]
[Round "9"]
[White "Callet, E."]
[Black "Douriet, A."]
[Result "0-1"]
[WhiteElo "2204"]
[BlackElo "2277"]
[PlyCount "50"]
[SourceDate "2004.07.04"]

1. e4 e6 2. d4 d5 3. Nc3 Bb4 4. e5 Ne7 5. Nf3 c5 6. a3 Bxc3+ 7. bxc3 b6 8. Bb5+
Bd7 9. a4 Bxb5 10. axb5 Qd7 11. Rb1 a6 12. bxa6 Rxa6 13. dxc5 O-O 14. cxb6 Qc6
15. Be3 Nf5 16. Bd4 Nxd4 17. cxd4 Rxb6 18. Rxb6 Qxb6 19. O-O Rc8 20. Qd3 Qb2
21. h4 Qxc2 22. Qa3 h6 23. Ra1 Nd7 24. Qe7 Nb6 25. Ra7 Qc1+ 0-1

[Event "Chip 2004 Open Fide"]
[Site "?"]
[Date "????.??.??"]
[Round "9"]
[White "Guyard, B."]
[Black "Sanchez, J."]
[Result "1-0"]
[WhiteElo "2232"]
[BlackElo "2453"]
[PlyCount "65"]
[SourceDate "2004.07.04"]

1. d4 d5 2. c4 c6 3. Nc3 Nf6 4. Nf3 dxc4 5. a4 Bf5 6. e3 Nbd7 7. Bxc4 e6 8. O-O
Bb4 9. Qe2 Bg6 10. e4 Bxc3 11. bxc3 Nxe4 12. Ba3 Qc7 13. Rfc1 O-O-O 14. a5 Rhe8
15. Bb3 e5 16. d5 Ndc5 17. d6 Rxd6 18. Bc2 Rd7 19. Qe3 f5 20. Bxc5 f4 21. Qxe4
Bxe4 22. Bxe4 Rd5 23. Bxd5 cxd5 24. Bxa7 g5 25. Nd4 Kd7 26. Nb3 Ra8 27. Nc5+
Ke7 28. Bb6 Qc6 29. Re1 Kf6 30. Nd3 e4 31. Nb4 Qe6 32. Rad1 Qg4 33. h3 1-0

[Event "Chip 2004 Open Fide"]
[Site "?"]
[Date "????.??.??"]
[Round "9"]
[White "Kveinys, A."]
[Black "Pert, N."]
[Result "0-1"]
[WhiteElo "2565"]
[BlackElo "2493"]
[PlyCount "59"]
[SourceDate "2004.07.04"]

1. e4 e6 2. d4 d5 3. Nd2 Nf6 4. e5 Nfd7 5. c3 c5 6. Bd3 Nc6 7. Ne2 cxd4 8. cxd4
f6 9. exf6 Nxf6 10. Nf3 Bd6 11. O-O Qb6 12. b3 O-O 13. Bb2 Bd7 14. Rc1 Be8 15.
Ng3 Bf4 16. Ra1 Nh5 17. Qb1 h6 18. Ba3 Rf6 19. Qb2 Rc8 20. Bc5 Qd8 21. Rfe1 Bb8
22. Rac1 Rxf3 23. gxf3 Nf4 24. Bf1 h5 25. a4 h4 26. Ba3 a5 27. Qd2 Qf6 28. Qe3
Bg6 29. Bc5 Kf7 30. Bb6 0-1

[Event "Chip 2004 Open Fide"]
[Site "?"]
[Date "????.??.??"]
[Round "9"]
[White "Shirazi, K."]
[Black "Apicella, M."]
[Result "0-1"]
[WhiteElo "2394"]
[BlackElo "2532"]
[PlyCount "110"]
[SourceDate "2004.07.04"]

1. e4 e6 2. d4 d5 3. Nc3 Bb4 4. exd5 exd5 5. Bd3 Nc6 6. Be3 Nge7 7. Qf3 Be6 8.
h3 Qd7 9. g4 h5 10. gxh5 Bf5 11. O-O-O Bxd3 12. Rxd3 Bxc3 13. Rxc3 Qf5 14. h6
gxh6 15. Qd1 O-O-O 16. Ne2 h5 17. Ng3 Qg6 18. h4 Nf5 19. Bg5 f6 20. Bf4 Nxg3
21. fxg3 Rde8 22. b4 Rh7 23. b5 Na5 24. Qd3 Qe4 25. Rf1 Nc4 26. Kb1 Rhe7 27.
Bc1 Kb8 28. a4 b6 29. Qxe4 Rxe4 30. Rd3 Re2 31. Rdd1 Rg2 32. Rg1 Ree2 33. Rxg2
Rxg2 34. Rf1 Rxg3 35. Rf5 Rg4 36. Rxh5 Rxd4 37. c3 Rg4 38. Rh7 Nd6 39. h5 Ne4
40. h6 Rg2 41. Bb2 Rh2 42. Kc1 Rh1+ 43. Kc2 Rh2+ 44. Kc1 Kb7 45. Ba3 f5 46. Bf8
a6 47. bxa6+ Kxa6 48. Rxc7 f4 49. Rf7 Nxc3 50. h7 d4 51. Bb4 Na2+ 52. Kd1 Nxb4
53. Rxf4 Rxh7 54. Rxd4 Ka5 55. Kd2 Kxa4 0-1

[Event "Chip 2004 Open Fide"]
[Site "?"]
[Date "????.??.??"]
[Round "9"]
[White "Drasko, M."]
[Black "Romanishin, O."]
[Result "1/2-1/2"]
[WhiteElo "2464"]
[BlackElo "2541"]
[PlyCount "104"]
[SourceDate "2004.07.04"]

1. Nf3 Nf6 2. c4 d6 3. d4 g6 4. g3 Bg7 5. Bg2 Bf5 6. O-O O-O 7. Qb3 Qc8 8. Nc3
Nc6 9. d5 Na5 10. Qb4 b6 11. Bg5 Bh3 12. Rac1 h6 13. Bd2 c5 14. dxc6 Bxg2 15.
Kxg2 Qxc6 16. b3 Rfe8 17. Qb5 Rac8 18. Qxc6 Nxc6 19. Rfd1 Kf8 20. h3 Rb8 21.
Nd5 Ne4 22. Be1 Rec8 23. b4 e6 24. Ne3 a5 25. b5 Ne7 26. Rc2 Rc7 27. Nd4 Rbc8
28. f3 Nc5 29. Nb3 Nb7 30. Bf2 a4 31. Nd2 d5 32. Rdc1 d4 33. Nd1 Nd5 34. a3 Nd6
35. e4 Ne7 36. Nb2 Ra8 37. Nd3 Nb7 38. Kf1 Nc5 39. Ke2 Nb3 40. Rb1 Rac8 41.
Nxb3 axb3 42. Rxb3 Rxc4 43. Rxc4 Rxc4 44. Rb4 Rc2+ 45. Kd1 Rc3 46. Kd2 Rxa3 47.
Bxd4 Bxd4 48. Rxd4 Ra5 49. Rd8+ Kg7 50. Rd7 Kf8 51. Rd8+ Kg7 52. Rd7 Kf8
1/2-1/2